000
00277as aa2200097a 44500
090
_a
SERIADAS
_b
01448
245
1
0
_a
Revista Facultad Nacional de Agronomía Medellín
260
_b
Universidad Nacional de Colombia, sede Medellín
_a
Colombia
041
0
_a
Español
942
_c
REVISTA
999
_c
17216
_d
17216